Pokemon Moves Starting with the Letter F - Statistics

General Stats
  • This quiz has been taken 133 times
    89 since last reset
  • The average score is 53 of 63
Answer Stats
Type Phys/Spec/Status Special Effect Answer % Correct
Fire Physical May burn foe Fire Punch
100%
Fire Physical May burn foe. User takes 1/3 recoil damage. Flare Blitz
100%
Flying Physical Two turn move. Player can also travel to any familiar town Fly
100%
Fairy Special N/A Fairy Wind
98%
Ground Physical One Hit KO move Fissure
98%
Normal Status Reduces foe accuracy. Also illuminates caves. Flash
98%
Normal Physical Deals double damage when user is statused (Burn etc.) Facade
95%
Normal Physical Always goes first and flinches target, only usable first turn Fake Out
95%
Normal Physical Always leaves the foe with at least 1HP False Swipe
95%
Fire Special Does more damage if its grass counterpart is used first Fire Pledge
95%
Bug Physical +2 Priority move, only usable first turn out. First Impression
95%
Fire Physical Raises users speed Flame Charge
95%
Fire Special May burn foe Fire Blast
93%
Fire Physical May burn or flinch foe Fire Fang
93%
Steel Special May lower foe Spec. Def. Flash Cannon
93%
Normal Status All attacks become aimed at user Follow Me
93%
Psychic Special Hits 2 turns after user attacks Future Sight
93%
Normal Physical Ignores protect and detect Feint
91%
Dark Physical Never misses Feint Attack
91%
Fire Special Damages foe for 2-5 turns, foe cannot switch out. Fire Spin
91%
Fighting Physical Also uses Flying type in damage calculation Flying Press
91%
Ice Special May freeze foe. Super effective against water types. Freeze Dry
91%
Normal Physical More powerful if pokemon dislikes trainer Frustration
91%
Fire Special May burn foe Flamethrower
89%
Dark Physical User loses held item, power changes based on item Fling
89%
Fighting Special May lower foe Spec. Def. Focus Blast
89%
Normal Status Allows user to make critical hits more frequently Focus Energy
89%
Grass Special User cannot move turn after attacking Frenzy Plant
89%
Fire Physical May burn foe Flame Wheel
86%
Fairy Special Lowers users Sp. Atk stat by 2 stages. Signature of Magearna Fleur Cannon
86%
Water Physical User Switches out after use Flip Turn
86%
Grass Physical Bypasses accuracy checks and always Crits. Signature of Meowscarada Flower Trick
86%
Fighting Physical Move fails if user is hit that turn Focus Punch
86%
Normal Physical Hits 2-5 times Fury Swipes
86%
Dark Status Lowers foe Spec. Def. by 2 stages Fake Tears
84%
Flying Status Lowers the foe Atk by 2 stages Feather Dance
84%
Water Physical Power doubles if user moves first. Signature of Fossilized Fish Fishious Rend
84%
Dark Special Confuses foe and raises their Spc. Atk Flatter
82%
Normal Status Allows ghost to be hit by normal and fighting type moves Foresight
82%
Normal Physical Hits 2-5 times Fury Attack
82%
Bug Physical Gains power with each consecutive use Fury Cutter
82%
Fairy Status Prevents pokemon from fleeing or switching during next turn Fairy Lock
80%
Bug Physical Raises users Atk by 2 stages if they faint foe using this move Fell Stinger
80%
Fire Special High chance to raise Spec. Atk. Fiery Dance
80%
Fighting Special User faints, does damage equal to their current HP Final Gambit
80%
Normal Physical Does more damage if user has less HP Flail
80%
Fire Special Damages all pokemon other than target 1/16 of their HP Flame Burst
80%
Dark Physical Power is based on targets Atk stat Foul Play
80%
Ice Special User always has a critical hit Frost Breath
80%
Normal Status Raises user Atk., Speed, Sp. Atk. by 2 stages for 1/2 of user HP. Signature of Veluza Fillet Away
77%
Fighting Physical May paralyze foe Force Palm
77%
Ice Physical Two turn move. May paralyze foe. Freeze Shock
77%
Electric Physical More powerful when used with a certain fire move Fusion Bolt
77%
Fire Special More powerful when used with a certain electric move Fusion Flare
77%
Dark Physical Ignores accuracy checks. Signature of Morgrem/Grimmsnarl False Surrender
75%
Dark Special 20% Chance to Flinch. Signature of Galarian Moltres Fiery Wrath
73%
Psychic Special 10% Chance to Freeze Freezing Glare
70%
Fairy Status Raises all grass type pokemon Def. on the field Flower Shield
66%
Grass Status Makes target a grass type Forest's Curse
66%
Flying Physical 30% Chance to Flinch foe. Signature of Partner Pikachu Floaty Fall
64%
Fire Physical Always lowers foe Def. Fire Lash
59%
Ice Special Resets all stat changes. Signature of Partner Eevee Freezy Frost
57%
Fairy Status Restores users HP by 1/2 maximum Floral Healing
52%
No matching quizzes found
Score Distribution
Percent of People with Each Score
Percentile by Number Answered
Your Score History
You have not taken this quiz since the last reset